Hàm biến phức
Sách gồm ba phần. Phần 1 trình bày cơ sở của hàm biến phức với 5 chương: số phức và dãy số phức, hàm số biến số phức, hàm chỉnh hình, lý thuyết tích phân hàm chỉnh hình, chuỗi Taylor, chuỗi Laurent và lý thuyết thặng dư. Phần hai trì...
Сохранить в:
| Главный автор: | |
|---|---|
| Формат: | |
| Язык: | Undetermined |
| Опубликовано: |
Hà Nội
Đại học Quốc gia Hà Nội
2009
|
| Предметы: | |
| Метки: |
Добавить метку
Нет меток, Требуется 1-ая метка записи!
|
| Thư viện lưu trữ: | Trung tâm Học liệu Trường Đại học Cần Thơ |
|---|
| LEADER | 01152nam a2200217Ia 4500 | ||
|---|---|---|---|
| 001 | CTU_159413 | ||
| 008 | 210402s9999 xx 000 0 und d | ||
| 020 | |c 39000 | ||
| 082 | |a 515.9 | ||
| 082 | |b Kh507 | ||
| 100 | |a Nguyễn, Văn Khuê | ||
| 245 | 0 | |a Hàm biến phức | |
| 245 | 0 | |c Nguyễn Văn Khuê, Lê Mậu Hải | |
| 260 | |a Hà Nội | ||
| 260 | |b Đại học Quốc gia Hà Nội | ||
| 260 | |c 2009 | ||
| 520 | |a Sách gồm ba phần. Phần 1 trình bày cơ sở của hàm biến phức với 5 chương: số phức và dãy số phức, hàm số biến số phức, hàm chỉnh hình, lý thuyết tích phân hàm chỉnh hình, chuỗi Taylor, chuỗi Laurent và lý thuyết thặng dư. Phần hai trình bày một số vấn đề chọn lựa từ hàm chỉnh hình. Phần ba trình bày về hàm nhiều biến phức. | ||
| 650 | |a Functions of complex variables | ||
| 650 | |x Study and teaching | ||
| 904 | |i Kim Lan, Bạch Trúc | ||
| 980 | |a Trung tâm Học liệu Trường Đại học Cần Thơ | ||